[Event "Candidates Tournament"]
[Site "Berlin"]
[Date "2018.03.22"]
[Round "10"]
[White "Kramnik, Vladimir"]
[Black "Aronian, Levon"]
[Result "1-0"]
[WhiteElo "2800"]
[BlackElo "2794"]
[Annotator "Roiz,M"]
[PlyCount "73"]
[EventDate "2018.03.10"]
[EventType "tourn"]
[EventRounds "14"]
[EventCountry "GER"]
[EventCategory "22"]
[SourceTitle "CBM 184"]
[Source "ChessBase"]
[SourceDate "2018.05.16"]
[SourceVersion "1"]
[SourceVersionDate "2018.05.16"]
[SourceQuality "1"]

1. e4 e5 2. Nf3 Nc6 3. Bc4 {Recently the Italian has been successfully
employed by Kramnik on the highest level. In particular, Carlsen, Anand and
Radjabov were defeated in great style.} Bc5 4. Nc3 {This time Vladimir takes
the game into relatively unexplored territory.} Nf6 5. d3 a6 {This natural
move is only Black's 4th choice according to statisctics. It is always vital
to secure the bishop's retreat.} ({All} 5... d6) (5... O-O) ({and} 5... h6 {
are equally good.}) 6. Nd5 Nxd5 {The centralised knight should be liquidated
sooner or later.} ({Black can also afford to waste another tempo for
prophylaxis:} 6... h6 7. O-O (7. Be3 d6 8. c3 Bxe3 9. fxe3 Nxd5 10. Bxd5 Ne7
11. Bb3 O-O 12. O-O Ng6 $11 {Nikitenko,M - Kovalev,V Minsk 2015}) 7... d6 8. c3
O-O 9. Be3 Bxe3 10. fxe3 Na5 11. Nxf6+ Qxf6 $11 {Fedoseev,V - Mamedyarov,S
Sochi RUS 2017}) 7. Bxd5 {White reasonably prefers not to lock in the
light-squared bishop} (7. exd5 Nd4 8. Nxd4 Bxd4 9. c3 Bc5 10. O-O O-O {is
absolutely fine for Black.}) 7... d6 $146 {This innovation doesn't change the
assessment of position - it's equal.} ({The previously played} 7... O-O {
might lead to sharper play:} 8. Bg5 Be7 9. Be3 (9. h4 d6 10. Qd2 Bg4 $132 {
Benda,H - Kilgus,G Austria 2007}) 9... d6 10. O-O Kh8 11. c3 f5 $132) 8. Be3 {
This move is aimed at opening up the f-file.} (8. c3 Qf6 9. O-O Ba7 10. h3 h6
11. Be3 O-O 12. Bxa7 Rxa7 $11) 8... Bxe3 9. fxe3 O-O 10. O-O Nb8 $1 {Levon
manages to find an excellent plan - the knight is heading to f6, where it
would neutralise White's pressure along the f-file.} ({Less precise was} 10...
Ne7 11. Bb3 Ng6 12. Qe1 Be6 13. Bxe6 fxe6 14. Qg3 $14 {and the Ng6 is
misplaced.}) 11. b4 {Quite a risky decision - now White's pawn structure is
getting somewhat shaky.} ({I guess, Vladimir rejected the most natural} 11. Qe1
{in view of} Nd7 12. a3 (12. Qg3 $6 c6 13. Bb3 Nc5 14. Rf2 a5 $15) 12... Nf6
13. Ba2 Be6 $11 {Now, when Black's knight is comfortably placed on f6, Black
has nothing to worry about.}) 11... Nd7 12. Qd2 (12. Qe1 c6 13. Bb3 a5 14. a3
Nf6 15. Qg3 b5 $11) 12... c6 13. Bb3 a5 $1 14. a3 {Now it is Black to decide
when to open up the a-file.} Nf6 15. h3 h6 16. Rab1 {A slight concession.} b5
$5 {This ambitious move keeps the positiion tense.} (16... Re8 17. Qf2 axb4 18.
axb4 Be6 $11) 17. Qc3 {The idea behing this somewhat awkward move is provoking
17...Qb6, after that the typical sac on f6 would be on the cards.} ({After} 17.
Rf2 Re8 18. Rbf1 axb4 19. axb4 Be6 20. Bxe6 Rxe6 $15 {White's kingside attack
is questionable, whereas Black has taken control over the open a-file.}) ({
Objectively, Vladimir should have simplified matters by means of} 17. a4 bxa4
18. Bxa4 Qc7 19. bxa5 Rxa5 20. Bb3 $11 {but such a decision wouldn't suit his
aggressive mood!}) 17... Bd7 {Levon isn't in a hurry. Indeed, the Qc3 is
misplaced anyway.} ({However, a more energetic move was} 17... Qb6 $1 18. Qe1
Be6 19. Nh4 a4 $1 20. Bxe6 fxe6 $15 {and the failure of White's approach is
obvious.}) 18. Rf2 $6 {Vladimir's brave play in the event made the Candidates
tournament much more attractive. However, this time it could have backfired.} (
{More to the point was} 18. Qe1 axb4 19. axb4 Be6 20. Bxe6 fxe6 21. Ra1 $11 {
maintaining the balance.}) 18... Qb6 19. Re1 {A sad necessity - there is no
better way of protecting the Pe3.} Rfe8 20. Nh4 c5 $6 {After losing few games
in the previous rounds, Levon feels like he has nothing to lose.} ({A safer
way was} 20... a4 $1 21. Ba2 Be6 22. Bxe6 Rxe6 23. Ref1 Kh7 24. Nf5 d5 $15 {
eliminating any danger and claiming superiority in the centre.}) 21. Ref1 $1 {
This move is connected with a pawn sacrifice.} ({Black's king would be safe in
the event of} 21. Rxf6 gxf6 22. Qd2 Kg7 23. Bd5 Ra7 24. Rf1 Qd8 $15 {though
converting the material advantage into a full point isn't an easy task here.})
21... cxb4 22. Qe1 {Now all White's forces are focused on attacking the
opponent's king.} ({Of course, not} 22. axb4 $2 a4 23. Ba2 Qxe3 $19) 22... d5 {
The play is extremely sharp now!} (22... a4 $5 {deserved serious attention} 23.
Rxf6 $1 ({Only not} 23. Ba2 $2 d5 $1 {and now White is in troubles:} 24. axb4 (
24. Rxf6 gxf6 25. Bxd5 bxa3 $19) 24... dxe4 25. c4 Be6 26. c5 Qd8 $17) 23...
axb3 24. Qg3 $1 ({The timid} 24. Rxf7 $2 {runs into} Qd8 $1 25. Qg3 Qg5 26.
Qxg5 hxg5 27. Rxd7 Rf8 $1 28. Rxf8+ Kxf8 29. Ng6+ Kg8 $19 {, and Black will
promote one of his q-side pawns.}) 24... Rf8 25. cxb3 bxa3 26. Rxh6 {and the
game should end in a draw:} a2 27. Ra1 Qc5 28. Rh5 Qc3 29. Rg5 Qxa1+ 30. Kh2
Qe1 31. Rxg7+ Kh8 32. Qg5 Qxh4 33. Qxh4+ Kxg7 34. Qg5+ $11) 23. axb4 dxe4 24.
bxa5 Rxa5 25. Ng6 $5 {Vladimir is continuing to complicate matters.} ({The
immediate} 25. Rxf6 gxf6 26. dxe4 Kf8 {would offer White sufficient
compensation for an exchange, but not more than that.}) 25... Be6 {Levon is
playing with fire!} (25... Ra6 26. Rxf6 gxf6 27. Qg3 {looks extremely scary
for a human eye, though the cool-blooded} Qd6 $1 28. dxe4 Kg7 29. Nh4+ Kf8 $13
{hardly gives White anything special.}) ({Another possible way of handling the
posiution would be} 25... exd3 $5 26. Rxf6 gxf6 27. Qg3 Ra7 $1 28. cxd3 f5 29.
Nxe5+ Kf8 $13) 26. Nxe5 ({It looks like} 26. Rxf6 $1 {would pose Black the
major practical problems:} gxf6 27. Qg3 {Now it would be very difficult for
Levon to find} b4 $1 ({The more natural} 27... exd3 28. Rxf6 d2 {runs into} 29.
Nh4+ Kf8 30. Nf5 d1=Q+ 31. Kh2 Re7 32. Qg7+ Ke8 33. Bxe6 Qxe6 34. Rxe6 Rxe6 35.
Qg8+ Kd7 36. Qxf7+ Kd8 37. Qxe6 $36 {and Black is in serious danger}) 28. Bxe6
Rxe6 29. Nf4+ (29. Nxe5+ Kh7 30. Nc4 Rg5 31. Qxg5 hxg5 32. Nxb6 Rxb6 $11) 29...
Kf8 30. Nxe6+ Qxe6 31. Qh4 Ra6 32. Qxe4 Qd6 $11 {and a draw seems the most
probable result.}) 26... exd3 27. Rxf6 gxf6 28. Rxf6 {The best practical try.}
(28. Qg3+ Kf8 29. Ng6+ Kg7 30. Nf4+ Kh8 31. Nxe6 Rxe6 32. Bxe6 Qxe6 33. cxd3 b4
$11) 28... d2 $1 {This move is aimed at depriving the Qe1 of the g3-spot.} (
28... dxc2 $2 {would yield White a decisive attack:} 29. Bxc2 Kg7 30. Qf2 $18)
29. Qg3+ ({Of course, not} 29. Qxd2 $2 Ra1+ 30. Kf2 Qa5 $1 31. Qxa5 Rxa5 $17)
29... Kf8 30. Rf1 {The d2-passer is very strong now.} Ra7 31. Ng6+ Kg7 32. Nf4+
Kh8 33. Nh5 f6 {After this move White has no risk at all.} ({The situation
would be double-edged in the event of} 33... Bg4 $5 34. Qxg4 Qxe3+ 35. Kh1 Rg8
36. Qh4 Ra6 $132) 34. Nxf6 Rf8 ({There was the equally good} 34... Rd8 35. Bxe6
(35. Qf4 {Or} Bf5 $1 36. Qxf5 d1=Q 37. Qf4 Kg7 38. Qg3+ Kh8 39. Qf4 $11) 35...
d1=Q 36. Qf4 Rh7 37. Nxh7 Qxe6 38. Nf6 Qxf1+ 39. Kxf1 Qc4+ 40. Qxc4 bxc4 $11 {
with a drawish endgame.}) 35. Qf4 Rh7 {The only, but sufficient defence!} 36.
Qe5 Qc7 $4 {Alas, Levon doesn't manage to withstand the time pressure...} ({
After} 36... Rg7 {this spectacular encounter should end in a draw. For
instance,} 37. Bxe6 Rg5 38. Nh5+ Rxe5 39. Rxf8+ Kh7 40. Rf7+ Kh8 (40... Kg6 $2
41. Rg7+ Kxh5 42. Bf7+ Kh4 43. Rg4#) 41. Rf8+ $11) 37. Ne8+ $1 {A very
dramatic end!} (37. Ne8+ Qxe5 38. Rxf8+ Bg8 39. Rxg8#) 1-0

[Event "Candidates Tournament"]
[Site "Berlin"]
[Date "2018.03.14"]
[Round "4"]
[White "Kramnik, Vladimir"]
[Black "Caruana, Fabiano"]
[Result "0-1"]
[WhiteElo "2800"]
[BlackElo "2784"]
[Annotator "Postny,E"]
[PlyCount "132"]
[EventDate "2018.03.10"]
[EventType "tourn"]
[EventRounds "14"]
[EventCountry "GER"]
[EventCategory "22"]
[SourceTitle "CBM 184"]
[Source "ChessBase"]
[SourceDate "2018.05.16"]
[SourceVersion "1"]
[SourceVersionDate "2018.05.16"]
[SourceQuality "1"]

1. e4 e5 2. Nf3 Nf6 3. Nxe5 d6 4. Nf3 Nxe4 5. Qe2 {The majority of games end
in an uneventful draw after this move. The current game happened to be a big
exception.} (5. d4) ({and} 5. Nc3 {are more ambitious lines.}) 5... Qe7 6. Nc3
{This is a relatively rare way to handle this boring variation. Normally 6.d3
follows automatically.} ({The following game was played in the same event a
few rounds later:} 6. d3 Nf6 7. Nc3 Qxe2+ 8. Bxe2 g6 9. Bg5 Bg7 10. O-O-O O-O
11. Rhe1 h6 12. Bh4 Nc6 $11 {1/2-1/2 (65) So,W (2799)-Caruana,F (2784) Berlin
2018}) 6... Nxc3 7. dxc3 Qxe2+ 8. Bxe2 Nc6 9. Be3 Be7 {It's clear that the
position is completely equal. However, if both players do not agree to a draw
and continue playing, then anything can happen.} 10. O-O-O O-O {Castling on
opposite sides usually hints at a sharp battle, when the queens are on the
board. Here the queens are off, so not too much excitement. Yet.} 11. Rhe1 (11.
Rhg1 a6 12. g4 Re8 13. h4 Be6 14. Ng5 Bd7 15. Kb1 $6 Ne5 {White already has to
fight for equality.} 16. h5 Bb5 17. Bxb5 axb5 $15 {1/2-1/2 (31) Artemiev,V 
(2697)-Khalifman,A (2614) Moscow 2018}) 11... Bf6 12. Nd2 {[%cal Gd2e4]} Re8
13. Bf3 Ne5 14. Bf4 Kf8 15. Bd5 (15. Be4 h6 $11) 15... c6 16. Bb3 Bf5 17. h3 (
17. f3 h6 18. g4 Bh7 $11) 17... g5 {This pawn will have a glorious career!} 18.
Bh2 Kg7 19. c4 $6 {Kramnik wanted to prevent the advance d6-d5, but his choice
by itself looks quite ugly to me.} (19. f4 gxf4 20. Bxf4 h5 $11 {Black has
good bishops near the king and his slight defects in the pawn structure are
not really noticeable.}) 19... g4 $1 20. Ne4 Bxe4 21. Rxe4 Bg5+ 22. Kb1 gxh3
23. c5 $2 {Consequent, but objectively bad.} (23. f4 $2 Ng4 $17 {[%csl Rh2]}) (
23. gxh3 f5 24. Ree1 (24. Bxe5+ dxe5 25. Rd7+ Kf6 26. Re1 e4 $17) 24... Nf3 25.
Rxe8 Rxe8 26. Bxd6 Re2 $15) 23... f5 $1 ({Less precise is} 23... hxg2 $6 {
because after} 24. cxd6 Nf3 {White has the move} 25. Rg4) 24. Rb4 hxg2 {
Now the g4-square is not available for the white rook. So, he has to grab
everything he can on the queenside.} 25. Rxb7+ Kh8 26. cxd6 Nf3 27. Ba4 $1 (27.
Bg1 $2 Re2 {simply loses, so White has to give the bishop.}) 27... Nxh2 28.
Bxc6 Rad8 $1 (28... Re4 $6 {is spectacular, but less effective in view of} 29.
Rg1 (29. Bxe4 $2 {falls into Black's idea:} fxe4 30. Rg1 e3 $1 31. Rxg2 e2 32.
Rg1 Nf1 {and the pawn queens.})) 29. d7 Re2 30. Bxg2 Rxf2 31. Bc6 Ng4 {So,
Caruana is up a piece for a couple of pawns, but the position remains sharp
and in a mutual time-scramble anything can happen.} (31... Nf1 {was another
way to get the knight to e3.}) 32. Rxa7 (32. c4 Ne3 33. Rg1 Be7 {should be
winning for Black, though not at all easy, of course.}) 32... Ne3 33. Rg1 h6 $2
{Wasting an important tempi in a sharp position. The bishop is not hanging due
to the weakness of White's back rank.} (33... Rxc2 $1 34. Ba4 (34. Rc7 Bf6 $19)
34... Rf2 $19) 34. Rc7 $1 {[%cal Gc7c8]} Kg7 $6 (34... Kh7 $1 35. Bb5 $17 (35.
a4 $2 Rxc2 36. Rc8 Bf6 $19 {Compared to 34...Kg7, here the bishop is not
pinned and can move.})) 35. a4 {Now the engine already shows the evaluation of
0.00, but for a human player it gives very little information. The game is on
for all three possible results.} Kf7 (35... Rxc2 36. Rc8 Rxc6 37. Rxd8 Rd6 38.
Re8 Ng4 39. Rf1 $11) 36. Bb5 (36. a5 Rxc2 37. a6 Ke7 38. a7 Rxc6 39. Rxc6 Kxd7
40. Rgc1 Ra8 41. Rc7+ Ke6 42. R1c6+ Ke5 $11) 36... Ke7 $6 ({The race between
the passed pawns is very exciting:} 36... f4 $6 37. a5 f3 38. Rg3 $1 Nf1 39.
Rxg5 $1 hxg5 40. Rc8 Rxd7 $1 (40... Ke7 $2 41. Rxd8 Kxd8 42. a6 {[%csl Ga6]
the pawn is unstoppable}) 41. Bxd7 Re2 42. a6 f2 43. Bh3 (43. a7 $2 Nd2+ 44.
Ka2 f1=Q 45. a8=Q Qb1+ 46. Ka3 Qa1+ 47. Kb4 Qxb2+ $19) 43... Nd2+ 44. Ka2 Re7
45. Rd8 {and White seems to be on top.}) (36... Nd5 {was the safest way to
force some simplifications.} 37. Rc8 Nb6 38. Rxd8 Bxd8 39. a5 Nxd7 40. Bxd7
Bxa5 $11) 37. a5 Rf4 {[%cal Gf4b4]} 38. c3 $1 Kd6 $6 {Fabiano is eager to
bring his king into play, but actually it only makes things worse for him.} (
38... Rg4 {was preferable. It should be met by} 39. Rh1 $1) 39. Rb7 $6 (39.
Rc6+ $1 {would be a nice geometrical trick by the rook.} Ke7 40. a6 Rxd7 41.
Rc8 Ra7 42. Re8+ Kf6 43. Rxe3 $18) 39... Rg4 40. Re1 f4 41. a6 h5 (41... f3 42.
a7 f2 43. Rxe3 Bxe3 44. Rb8 {Black is up a rook, but it is not sure if he can
save even half a point. White's passed pawns are too strong.} Rg1+ 45. Kc2 (45.
Ka2 $4 Rxd7 46. a8=Q Ra7+) 45... Rg2 46. Bf1 Bxa7 47. Rxd8 Rg7 48. Bb5 f1=Q 49.
Bxf1 Rxd7 $16) 42. a7 {If somebody cares about the evaluation of the position,
then I can tell that currently White is winning. But the race is getting more
and more exciting.} Ra8 43. b4 (43. c4 $1 h4 44. c5+ {Underlining again why it
was better to keep the king away from the fire.} Kxc5 45. Rc1+ Kd6 46. Rc8 Rxa7
47. Rxa7 $18) 43... h4 44. c4 $2 ({White could win a rook and be an exchange
up after} 44. d8=Q+ Bxd8 45. Rd7+ Ke5 46. Bc6 Rxa7 47. Rxa7 $16) (44. Kb2 h3
45. Kb3 {bringing the king into play, to support the passed pawns was also a
sound idea.}) 44... h3 45. c5+ ({Again it was possible to grab the rook after} 
45. d8=Q+ $1 Bxd8 46. Rd7+ Ke5 47. Bc6 Rxa7 48. Rxa7 {though it's already less
effective than on the previous move.}) 45... Ke5 46. Rb8 (46. c6 h2 47. c7 Rg1
{Absolutely spectacular!} 48. Bc6 $1 Rxe1+ 49. Ka2 Nd5 $1 50. Bxd5 Kxd5 51.
c8=Q h1=Q (51... Re2+ 52. Kb3 Re3+ 53. Ka4 h1=Q 54. Qc5+ Ke6 55. Rb6+ Kxd7 56.
Qd6+ Ke8 57. Qg6+ Kd7 $11) 52. Rb5+ Kd4 53. Qc5+ Kd3 54. Qd6+ Ke2 55. Re5+ Kf3
56. Qd3+ Kg4 57. Qf5+ $11) (46. Be2 Rg3 47. c6 h2 48. Bf3 $1 Rg1 49. Rc1 Ng2 $1
50. c7 Rxc1+ 51. Kxc1 h1=Q+ 52. Kb2 Qf1 53. c8=Q Qf2+ 54. Kb1 Qf1+ {with a
perpetual check.}) 46... Rxa7 47. Rg8 Bf6 $1 48. d8=Q $8 ({To Kramnik's horror,
after} 48. Rxg4 $2 Kf5 {[%cal Ga7a1] his king is suddenly in a mating net!} 49.
Rxe3 fxe3 $19 {[%cal Gh3h2]}) 48... Bxd8 49. Rxg4 Bf6 50. Rg6 $8 Rb7 51. Be2
Rxb4+ 52. Ka2 {White has won the exchange, but lost most of his passed pawns.
The position is now balanced.} Nc2 $6 (52... Be7 53. c6 Ra4+ 54. Kb1 Rb4+ $11)
53. Rc1 Nd4 54. Bd3 $6 (54. Bg4 $1 {[%csl Rf6][%cal Gc1e1] would force Black
to fight for a draw. His bishop is clumsy for the moment.}) 54... Ra4+ 55. Kb1
$6 (55. Kb2 $1 {was more precise, though at first sight it doesn't seem
logical to put the king on the long diagonal facing the black bishop.} Ke6 56.
Rh1 $11) 55... Nb3 $1 56. Re1+ Kd5 57. Kc2 (57. Rxf6 Ra1+ 58. Kb2 Rxe1 59. Kxb3
h2 60. Bc4+ Kxc5 61. Rf5+ Kd4 (61... Kd6 62. Bd5 f3 63. Bxf3 Re3+ 64. Kc2 Rxf3
65. Rh5 Rf2+ 66. Kd3 $11 {[%cal Gd3e3]}) 62. Rxf4+ Ke3 63. Rh4 $11) 57... Nd4+
58. Kb1 $6 (58. Kc1 $1 Nf3 (58... Be5 59. Rh6 $11) 59. Rd1 Ra1+ 60. Bb1+ {
Compared to the game White has this important move.}) 58... Nf3 59. Rd1 $2 {
The losing move. It's a pity that Vladimir collapsed under pressure.} ({After} 
59. Rxf6 $1 Nxe1 60. Bf1 h2 61. Rh6 {White could still save the day.}) 59...
Ra1+ 60. Kc2 Rxd1 61. Ba6 (61. Kxd1 h2 62. Rh6 Bh4 $19) 61... Rd2+ 62. Kc1 Bb2+
63. Kb1 Kxc5 64. Bb7 Ne5 65. Rf6 f3 66. Rf5 f2 {A dramatic end for this highly
turbulent game. This game had a great impact on the whole tournament. Kramnik
collapsed in the following rounds, while Caruana gained confidence and
eventually won the event, earning the right to challenge Carlsen in the world
championship match!} 0-1